Detalles MARC
| 000 -LEADER |
| campo de control de longitud fija |
01830cam a2200481 4500 |
| 003 - IDENTIFICADOR DE NÚMERO DE CONTROL |
| campo de control |
PE-LiUPU |
| 005 - FECHA Y HORA DE LA ÚLTIMA TRANSACCIÓN |
| campo de control |
20250731172942.0 |
| 020 ## - NÚMERO INTERNACIONAL ESTÁNDAR DEL LIBRO |
| Número Internacional Estándar del Libro |
031020030X |
| 035 ## - NÚMERO DE CONTROL DEL SISTEMA |
| Número de control de sistema |
(Sirsi) i9780310200307 |
| 035 ## - NÚMERO DE CONTROL DEL SISTEMA |
| Número de control de sistema |
(Sirsi) 21675 |
| 035 ## - NÚMERO DE CONTROL DEL SISTEMA |
| Número de control de sistema |
(Sirsi) 21675 |
| 041 ## - CÓDIGO DE IDIOMA |
| Código de lengua del texto/banda sonora o título independiente |
en |
| 044 ## - CÓDIGO DEL PAÍS DE LA ENTIDAD EDITORA/PRODUCTORA |
| Código MARC del país |
us |
| 082 04 - NÚMERO DE LA CLASIFICACIÓN DECIMAL DEWEY |
| Número de clasificación |
232.12 |
| Cutter |
K17 |
| 100 1# - ENTRADA PRINCIPAL--NOMBRE DE PERSONA |
| Nombre de persona |
Kaiser, Walter C. |
| 245 14 - MENCIÓN DEL TÍTULO |
| Título |
The messiah in the Old Testament / |
| Mención de responsabilidad, etc. |
Walter C. Kaiser, Jr. |
| 264 #1 - PRODUCCIÓN, PUBLICACIÓN, DISTRIBUCIÓN, FABRICACIÓN Y COPYRIGHT |
| Producción, publicación, distribución, fabricación y copyright |
Michigan : |
| Nombre del de productor, editor, distribuidor, fabricante |
Zondervan Publishing House, |
| Fecha de producción, publicación, distribución, fabricación o copyright |
1995 |
| 300 ## - DESCRIPCIÓN FÍSICA |
| Extensión |
256 páginas ; |
| Dimensiones |
20.5 cm. |
| 490 0# - MENCIÓN DE SERIE |
| Mención de serie |
Studies in Old Testament Biblical Theology |
| 504 ## - NOTA DE BIBLIOGRAFÍA, ETC. |
| Nota de bibliografía, etc. |
Bibliografía en cada capítulo |
| 505 0# - NOTA DE CONTENIDO CON FORMATO |
| Nota de contenido con formato |
The study of Messianism -- The Messiah in the Pentateuch -- The Messiah before and during the Davidic Monarchy -- The Messiah in the Psalms (Part 1) -- The Messiah in the Psalms (Part 2) -- The Messiah in the ninth-and eighth-century prophets -- The Messiah in the Eighth-Century Prophets (Isaiah) -- The Messiah in the seventh-and sixth-century prophets -- The Messiah in the postexilic prophets -- Conclusion. |
| 526 ## - NOTA DE INFORMACIÓN SOBRE EL PROGRAMA DE ESTUDIO |
| Nombre del programa |
Segunda Especialidad En Profecías Bíblicas |
| 526 ## - NOTA DE INFORMACIÓN SOBRE EL PROGRAMA DE ESTUDIO |
| Nombre del programa |
Segunda Especialidad En Nuevo Testamento |
| 526 ## - NOTA DE INFORMACIÓN SOBRE EL PROGRAMA DE ESTUDIO |
| Nombre del programa |
Segunda Especialidad En Antiguo Testamento |
| 526 ## - NOTA DE INFORMACIÓN SOBRE EL PROGRAMA DE ESTUDIO |
| Nombre del programa |
Segunda Especialidad En Estudios Adventistas |
| 526 ## - NOTA DE INFORMACIÓN SOBRE EL PROGRAMA DE ESTUDIO |
| Nombre del programa |
Doctorado en teología |
| 526 ## - NOTA DE INFORMACIÓN SOBRE EL PROGRAMA DE ESTUDIO |
| Nombre del programa |
Maestría en teología histórica |
| 526 ## - NOTA DE INFORMACIÓN SOBRE EL PROGRAMA DE ESTUDIO |
| Nombre del programa |
Maestría en teología bíblica |
| 526 ## - NOTA DE INFORMACIÓN SOBRE EL PROGRAMA DE ESTUDIO |
| Nombre del programa |
Maestría en teología |
| 526 ## - NOTA DE INFORMACIÓN SOBRE EL PROGRAMA DE ESTUDIO |
| Nombre del programa |
Maestría en misionología |
| 526 ## - NOTA DE INFORMACIÓN SOBRE EL PROGRAMA DE ESTUDIO |
| Nombre del programa |
Maestría en liderazgo eclesiástico |
| 526 ## - NOTA DE INFORMACIÓN SOBRE EL PROGRAMA DE ESTUDIO |
| Nombre del programa |
Teología |
| 596 ## - |
| -- |
1 |
| 630 04 - PUNTO DE ACCESO ADICIONAL DE MATERIA--TÍTULO UNIFORME |
| Título uniforme |
Biblia |
| Nombre de parte o sección de la obra |
A.T. |
| Subdivisión general |
Crítica, interpretación, etc. |
| 650 14 - PUNTO DE ACCESO ADICIONAL DE MATERIA--TÉRMINO DE MATERIA |
| Término de materia o nombre geográfico como elemento de entrada |
Mesías |
| Subdivisión general |
Enseñanza Bíblica. |
| 650 14 - PUNTO DE ACCESO ADICIONAL DE MATERIA--TÉRMINO DE MATERIA |
| Término de materia o nombre geográfico como elemento de entrada |
Mesías |
| Subdivisión general |
Profecías. |
| 859 ## - INFORMACIÓN DE CONTROL LOCAL (RLIN) |
| -- |
44618 |
| -- |
232.12 |
| -- |
K17 |
| 942 ## - ELEMENTOS DE ENTRADA SECUNDARIOS (KOHA) |
| Fuente del sistema de clasificación o colocación |
Clasificación Decimal Dewey |
| Tipo de ítem Koha |
|
| 949 ## - PROCESAMIENTO DE INFORMACIÓN LOCAL (OCLC) |
| a |
232.12 K17 |
| i |
44618 |
| l |
POSTGRADO |
| m |
BUL |
| t |
LIBRO |
| o |
.STAFF. Posgrado |
| 910 ## - DATOS DE OPCIÓN DEL USUARIO (OCLC) |
| Datos de opción del usuario |
aj-op |
| 999 ## - NÚMEROS DE CONTROL DE SISTEMA (KOHA) |
| -- |
DEWEY |
| -- |
44618 |
| -- |
2021-11-10 |
| -- |
5 |
| -- |
CCODEBUL1 |
| -- |
BUL |
| -- |
0 |
| -- |
Y |
| -- |
BOOK |
| -- |
2015-6-24 |
| -- |
TEOLOGIA |
| -- |
P35 |
| -- |
COMPRA |
| -- |
.STAFF. Colección General |
| 980 ## - EQUIVALENCIA O REFERENCIA-CRUZADA-MENCIÓN DE SERIE--NOMBRE DE PERSONA/TÍTULO [LOCAL, CANADÁ] |
| ID del último usuario que modificó el registro |
1 |
| Nombre del último usuario que modificó el registro |
ALBERTO SANCHEZ Responsable de Automatización |